Berlini levél
Elmentve itt :
| Szerző: | |
|---|---|
| Adatforrás: | Meister |
| Forrásdokumentuma: | A Hét. - 6 sz., 1993, 15 p. |
| Nyelv: | magyar |
| Kulcsszavak: | politikai publicisztika antiszemitizmus zsidók Németország GIORDANO Ralph |
| LEADER | 00439nab a2200169 i 4500 | ||
|---|---|---|---|
| 001 | bibPRO00005404 | ||
| 008 | 060524s1993 xx hun | ||
| 040 | |a Sz1 | ||
| 041 | |a hun | ||
| 100 | 1 | |a MEDER Gregor Gabriel | |
| 245 | 1 | 0 | |a Berlini levél |c MEDER Gregor Gabriel |
| 695 | |a politikai publicisztika | ||
| 695 | |a antiszemitizmus | ||
| 695 | |a zsidók | ||
| 695 | |a Németország | ||
| 695 | |a GIORDANO Ralph | ||
| 773 | 0 | |t A Hét. - |g 6 sz., 1993, 15 p. | |